Central Library OPAC University of Rajshahi

The journals and papers of Gerard Manley Hopkins / (Record no. 77283)

MARC details
000 -LEADER
fixed length control field 00883cam a22002891 4500
001 - CONTROL NUMBER
control field 77283
003 - CONTROL NUMBER IDENTIFIER
rucl marc code BD-RjUL
005 - DATE AND TIME OF LATEST TRANSACTION
control field 20211209082944.0
008 - FIXED-LENGTH DATA ELEMENTS--GENERAL INFORMATION
fixed length control field 851113s1959 enk 0 eng d
035 ## - SYSTEM CONTROL NUMBER
System control number (BD-RjUL)77508
System control number 2401523
040 ## - CATALOGING SOURCE
Original cataloging agency ANL
Language of cataloging eng
Modifying agency ANL
Transcribing agency BD-RjUL
041 ## - LANGUAGE CODE
Language code of text/sound track or separate title eng
082 0# - DEWEY DECIMAL CLASSIFICATION NUMBER
Classification number 828.8
Author mark and year HOJ 1959
100 1# - MAIN ENTRY--PERSONAL NAME
Personal name Hopkins, Gerard Manley,
Dates associated with a name 1844-1889.
9 (RLIN) 240653
245 14 - TITLE STATEMENT
Title The journals and papers of Gerard Manley Hopkins /
Statement of responsibility, etc. ed. by H.House, completed by G.Storey.
260 ## - PUBLICATION, DISTRIBUTION, ETC. (IMPRINT)
Place of publication, distribution, etc. London. :
Name of publisher, distributor, etc. Oxford University press ,
Date of publication, distribution, etc. 1959.
300 ## - PHYSICAL DESCRIPTION
Pagination xxxii, 579 p. :
Illustrations ill. ;
Size 23 cm
500 ## - GENERAL NOTE
General note Includes Index
600 ## - SUBJECT ADDED ENTRY--PERSONAL NAME
Personal name Hopkins, Gerard Manley
650 ## - SUBJECT ADDED ENTRY--TOPICAL TERM
Topical term or geographic name as entry element poetry
9 (RLIN) 240655
700 1# - ADDED ENTRY--PERSONAL NAME
Personal name House, Humphry,
Dates associated with a name 1908-1955.
Personal name Storey, Graham,
Dates associated with a name 1920-
942 ## - ADDED ENTRY ELEMENTS (KOHA)
Source of classification or shelving scheme Dewey Decimal Classification
Koha item type Books
Holdings
Lost status Source of classification or shelving scheme Damaged status Not for loan Collection code Permanent Location Current Location Shelving location Date acquired Source of acquisition Cost, normal purchase price Total Checkouts Full call number Date last seen Copy number Koha item type
  Dewey Decimal Classification     Non-fiction Central Library, University of Rajshahi Central Library, University of Rajshahi   20/03/1964 Zeitlinger 75.00   828.8 HOJ 1959 10/03/2020 C-2 Books